| 000 | 00583nam a22001817a 4500 | ||
|---|---|---|---|
| 999 |
_c14677 _d14677 |
||
| 003 | AR-CdUCM | ||
| 008 | 190424b ||||| |||| 00| 0 spa d | ||
| 020 | _a978-84-9825-836-3 | ||
| 040 |
_aMUNICIPALIDAD PROVINCIAL DEL CUSCO _cBIBLIOTECA MUNICIPAL DEL CUSCO |
||
| 082 |
_22ed. _aPI / 376.1 / _bP39 |
||
| 100 |
_aPelham, David _933110 |
||
| 245 | _aZoo animales en pop-up / | ||
| 260 |
_aBarcelona : _bCombel, _c2015. |
||
| 300 |
_a14 páginas ; _bIlustraciones, _c16 cm. _eFiguras plegables, |
||
| 650 |
_aLiteratura infantil _9588 |
||
| 942 |
_2ddc _cLIBROS |
||
| 945 |
_aacv _d2019-04-24 |
||